1922 1350 1776 1835 1087 1197 1740 1335 1641 1834 1587 1016 1119 1176 1661 1808 1104 1983 1688 1918 1934 1549 1010 1964 1493 1751 1130 1401 1640 1376 1662 1884 1340 1646 1685 1804 1678 1291 1237 1339 1050 1812 1857 1431 1791 1799 1992 1218 1549 1360 1428 1852 1516 1795 1397 1484 1223 1629 1508 1578 1868 1751 1058 1191 1833 1841 1715 1366 1834 1984 1294 1678 1763 1599 1366 1569 1552 1093 1289 1217 1836 1383 1749 1781 1911 1813 1232 1723 1797 1266 1497 1397 1156 1659 1775 1567 1933 1161 1700 BCNSPRNW ULIB Ver.6.0+V

เปลี่ยนเป็นภาษาไทย

Change to English
 แสดงรายละเอียดบรรณานุกรม
  กลับหน้าหลัก

Brief Record : Get Marc (ISO 2709) : E-mail record : QR code < ปิดหน้าต่าง
LEADER : 00000nam 2200000uu 4500
001    13399111058
003     ULIB
008    110615s||||||||th 000 0 tha d
020    9744894482
020    9789744894489
050  4 BF441^bก111ก 2549
100 0  เกรียงศักดิ์ เจริญวงศ์ศักดิ์
245 10 การคิดเชิงมโนทัศน์ =^bConceptual thinking /^cเกรียงศักดิ์ เจริญวงศ์ศักดิ์
246 31 Conceptual thinking
250    พิมพ์ครั้งที่ 7
260    กรุงเทพฯ :^bซัคเซส มีเดีย,^c2549
300    xvii, 195 หน้า :^bภาพประกอบ ;^c23 ซม.
440  0 หนังสือชุด "ผู้ชนะ 10 คิด"
650  7 ความคิดรวบยอด
650  7 ความคิดและการคิด
945    ^p150^l0^i021518
945    ^p150^l0^i021519
995    ทศพร
999 ^a ใช้งานได้ทุกระบบ
รายการนี้ยังไม่มีแท็ก
คุณยังไม่ได้ล็อกอิน คุณสามารถมีกิจกรรมร่วมกับเว็บไซต์ได้ แต่ต้องล็อกอินก่อน ::
  ล็อกอิน

รายการสื่อสารสนเทศ

ลำดับที่ ประเภท เลขเรียก/บาร์โค้ด สถานที่ สถานะ
- ไม่พบข้อมูล -

รายการใกล้เคียง
    ผู้แต่ง [เกรียงศักดิ์ เจริญวงศ์ศักดิ์]

    หัวเรื่อง [ความคิดรวบยอด]
    หัวเรื่อง [ความคิดและการคิด]

BibComment


ยังไม่เคยถูกคอมเมนท์

คอมเมนท์ทรัพยากรรายการนี้
  คอมเมนท์: การคิดเชิงมโนทัศน..


 Copyright 2026. Bcnsprnw @Library